Southville International School and Colleges
Your cart is empty.
  • Cart
  • Lists
    Public lists list_1 View all
    Your lists Log in to create your own lists
  • Log in to your account
  • Your cookies
  • Search history
Southville International School and Colleges
  • Advanced search
  • Recent comments
  • Most popular
  • Libraries

Log in to your account

Log in with GOOGLE


If you do not have an external account, but do have a local account, you can still log in:

  1. Home
  2. MARC view: Sustainability in hospitality /
Normal view MARC view ISBD view

Sustainability in hospitality / (Record no. 22111)

[ view plain ]
MARC details
000 -LEADER
fixed length control field 00694nam a2200229 a 4500
005 - DATE AND TIME OF LATEST TRANSACTION
control field 20140310183352.0
008 - FIXED-LENGTH DATA ELEMENTS--GENERAL INFORMATION
fixed length control field 120911s19uu xx 00 eng d
020 ## - INTERNATIONAL STANDARD BOOK NUMBER
International Standard Book Number 9789381460525
050 ## - LIBRARY OF CONGRESS CALL NUMBER
Classification number TX 911.3.M27
Item number .C552 2012
100 ## - MAIN ENTRY--PERSONAL NAME
Personal name Choudhary, Vikash
245 ## - TITLE STATEMENT
Title Sustainability in hospitality /
Statement of responsibility, etc Vikash Choudhary, Vikash.
250 ## - EDITION STATEMENT
Edition statement 1st ed,
260 ## - PUBLICATION, DISTRIBUTION, ETC. (IMPRINT)
Place of publication, distribution, etc New Delhi, India :
Name of publisher, distributor, etc Centrum Press,
Date of publication, distribution, etc 2012.
300 ## - PHYSICAL DESCRIPTION
Extent 256 p. :
Dimensions 22 cm.
500 ## - GENERAL NOTE
General note Includes index
521 ## - TARGET AUDIENCE NOTE
Target audience note
650 ## - SUBJECT ADDED ENTRY--TOPICAL TERM
Topical term or geographic name as entry element Social responsibility of business
650 ## - SUBJECT ADDED ENTRY--TOPICAL TERM
Topical term or geographic name as entry element Hospitality industry
General subdivision Environmental aspects
650 ## - SUBJECT ADDED ENTRY--TOPICAL TERM
Topical term or geographic name as entry element Hospitality industry
General subdivision Management
942 ## - ADDED ENTRY ELEMENTS (KOHA)
Koha item type Books
Source of classification or shelving scheme Library of Congress Classification
Call number prefix Foreign
Holdings
Withdrawn status Lost status Source of classification or shelving scheme Damaged status Home library Current library Shelving location Date acquired Source of acquisition Cost, normal purchase price Total Checkouts Total Renewals Full call number Barcode Date last seen Date checked out Copy number Price effective from Koha item type
    Library of Congress Classification   College Library College Library Reserve Section 09/11/2012   1172.00 1 3 TX 911.3.M27 .C552 2012 C15709 10/22/2018 10/01/2018 1 10/10/2013 Books

Sustainability in hospitality /

APA

Choudhary V., . (2012). Sustainability in hospitality. New Delhi, India: Centrum Press.

Chicago

Choudhary Vikash, . 2012. Sustainability in hospitality. New Delhi, India: Centrum Press.

Harvard

Choudhary V., . (2012). Sustainability in hospitality. New Delhi, India: Centrum Press.

MLA

Choudhary Vikash, . Sustainability in hospitality. New Delhi, India: Centrum Press. 2012.

  • Place hold
  • Print
  • Cite
  • Add to your cart (remove)
  • Save record
    BIBTEX Dublin Core MARCXML MARC (non-Unicode/MARC-8) MARC (Unicode/UTF-8) MARC (Unicode/UTF-8, Standard) MODS (XML) RIS
  • More searches
    Search for this title in:
    Other Libraries (WorldCat) Other Databases (Google Scholar) Online Stores (Bookfinder.com) Open Library (openlibrary.org)

Exporting to Dublin Core...

SOUTHVILLE LIBRARY

Southville International School and Colleges Library

1281 Tropical Ave. Cor. Luxembourg St., BF Homes International, Las Pinas City

Tel. No. 8256374 / 252358 Loc. 117/146

Powered by Koha